Sets of Three: Harry Potter Quiz Stats

 Plays Quiz Updated Apr 20, 2016

Challenge
Share
Tweet
Embed
Score 0/45 Timer 07:00
0 Plays Today
Hint Answer % Correct
Pets Officially Allowed at HogwartsOwl
98.4%
Pets Officially Allowed at HogwartsCat
95.8%
Triwizard SchoolsHogwarts School of Witchcraft and Wizardry
91.7%
Quidditch BallsGolden Snitch
87.4%
The Dursley Family (Privet Drive)Dudley
85.1%
Harry's ChildrenAlbus Severus Potter
84.4%
Deathly HallowsInvisibility Cloak
84.3%
Deathly HallowsElder Wand
84.2%
Named Hogwarts House-elvesDobby
83.7%
The Dursley Family (Privet Drive)Petunia
81.8%
The Dursley Family (Privet Drive)Vernon
81.2%
Pets Officially Allowed at HogwartsToad
80.3%
Unforgivable CursesKilling Curse
79.4%
Unforgivable CursesCruciatus Curse
78.6%
Quidditch BallsQuaffle
76.7%
Quidditch BallsBludger
76.1%
Gryffindor Chasers (Books 1-5)Katie Bell
75.5%
Deathly HallowsResurrection Stone
74.5%
Harry's ChildrenJames Sirius Potter
73.4%
Triwizard SchoolsDurmstrang Institute
71.5%
Harry's ChildrenLily Luna Potter
71.3%
Unforgivable CursesImperius Curse
70.3%
The Black SistersBellatrix Lestrange
66.7%
Hint Answer % Correct
Triwizard SchoolsBeauxbatons Academy of Magic
65.1%
Wizarding Currency CoinsGalleon
64.2%
Gryffindor Chasers (Books 1-5)Angelina Johnson
64.1%
Named Hogwarts House-elvesKreacher
63.5%
Weasley Family OwlsErrol
63.4%
Named Hogwarts House-elvesWinky
63.2%
Weasley Family OwlsPigwidgeon
62.8%
Dumbledore's Middle NamesBrian
62.7%
Wizarding Currency CoinsKnut
61.2%
The Black SistersNarcissa Malfoy
60.5%
Dumbledore's Middle NamesPercival
55.1%
The Gaunt Family (Little Hangleton)Marvolo
54.9%
Wizarding Currency CoinsSickle
54.3%
Gryffindor Chasers (Books 1-5)Alicia Spinnet
50.5%
The Gaunt Family (Little Hangleton)Merope
48.7%
Dumbledore's Middle NamesWulfric
47.2%
Weasley Family OwlsHermes
40.5%
The Black SistersAndromeda Tonks
39.2%
Peverell BrothersIgnotus
37.7%
The Gaunt Family (Little Hangleton)Morfin
32.1%
Peverell BrothersCadmus
23%
Peverell BrothersAntioch
19.7%

You're not logged in!

Compare scores with friends on all Sporcle quizzes.
Join for Free
OR
Log In

You Might Also Like...

Show Comments

Extras

Top Quizzes Today


Score Distribution

Your Account Isn't Verified!

In order to create a playlist on Sporcle, you need to verify the email address you used during registration. Go to your Sporcle Settings to finish the process.

Report this User

Report this user for behavior that violates our Community Guidelines.

Details: